Multikulturalizmus vo Francúzskej republike diplomová práca

Guardado en:
Detalles Bibliográficos
Autor principal: Kovalčíková, Naďa
Autor Corporativo: Fakulta medzinárodných vzťahov EU. Katedra medzinárodných politických vzťahov
Otros Autores: Márton, Milan
Formato: Libro
Lenguaje:eslovaco
Publicado: Bratislava 2009
Etiquetas: Agregar Etiqueta
Sin Etiquetas, Sea el primero en etiquetar este registro!

MARC

LEADER 00000nam$a2200000$$$4500
001 0104579
005 20240318140642.3
041 0 |a slo 
044 |a SK 
245 1 0 |a Multikulturalizmus vo Francúzskej republike  |b diplomová práca  |c Naďa Kovalčíková ; škol. Milan Márton 
264 1 |a Bratislava  |c 2009 
300 |a 75 s. 
100 1 |a Kovalčíková, Naďa 
700 1 |a Márton, Milan 
710 2 |a Fakulta medzinárodných vzťahov EU. Katedra medzinárodných politických vzťahov